Indian economy and the WTO : (Record no. 66063)

MARC details
000 -LEADER
fixed length control field 00450nam a22001457a 4500
005 - DATE AND TIME OF LATEST TRANSACTION
control field 20200130165924.0
020 ## - INTERNATIONAL STANDARD BOOK NUMBER
International Standard Book Number 817708030X
Terms of availability 585.00
035 ## - SYSTEM CONTROL NUMBER
System control number B-92565, B-092567
037 ## - SOURCE OF ACQUISITION
Stock number DPL
Source of stock number/acquisition ENG
100 ## - MAIN ENTRY--PERSONAL NAME
Personal name Mathur, Vibha
245 ## - TITLE STATEMENT
Title Indian economy and the WTO :
Remainder of title New challenges and strategies /
Statement of responsibility, etc by Vibha Mathur
260 ## - PUBLICATION, DISTRIBUTION, ETC. (IMPRINT)
Place of publication, distribution, etc Delhi
Name of publisher, distributor, etc New Century Publications
Date of publication, distribution, etc 2002
300 ## - PHYSICAL DESCRIPTION
Extent x, 326p.
Dimensions 20 cms.
942 ## - ADDED ENTRY ELEMENTS (KOHA)
Source of classification or shelving scheme Dewey Decimal Classification
Item type English Books
Classification part 330.954
Call number suffix MAT
Holdings
Withdrawn status Lost status Not for loan Collection code Home library Current library Date acquired Cost, normal purchase price Full call number Barcode Cost, replacement price Koha item type Source of acquisition
      Non-fiction Sarojini Nagar Sarojini Nagar 03/05/2012 585.00 330.954 MAT B-92565 585.00 English Books  
        Shahdara Branch Shahdara Branch 30/01/2020 585.00 330.954 MAT B-092567 585.00 English Books BPPD/PUB

© Delhi Public Library
Hit Counter
free hit counter